Aproximación dialectal al castellano hablado en la comarca de Casas-Ibáñez / (Record no. 15740)

MARC details
000 -LEADER
campo de control de longitud fija 00840nam a2200241 i 4500
001 - NÚMERO DE CONTROL
campo de control 15740
003 - IDENTIFICADOR DE NÚMERO DE CONTROL
campo de control ES-MaACL
005 - FECHA Y HORA DE LA ÚLTIMA TRANSACCIÓN
campo de control 20230906151137.0
007 - CAMPO FIJO DE DESCRIPCIÓN FÍSICA--INFORMACIÓN GENERAL
campo de control de longitud fija t|
008 - DATOS DE LONGITUD FIJA--INFORMACIÓN GENERAL
campo de control de longitud fija 000505s1998 sp b |||| | spa j
020 ## - NÚMERO INTERNACIONAL ESTÁNDAR DEL LIBRO
Número Internacional Estándar del Libro 84-87136-81-8
080 ## - NÚMERO DE LA CLASIFICACIÓN DECIMAL UNIVERSAL
Número de la Clasificación Decimal Universal 811.134.2'282(460.288 Casas-Ibáñez)
100 1# - ENTRADA PRINCIPAL--NOMBRE DE PERSONA
Nombre de persona García Payer, María Josefa.
9 (RLIN) 55086
245 10 - MENCIÓN DEL TÍTULO
Título Aproximación dialectal al castellano hablado en la comarca de Casas-Ibáñez /
Mención de responsabilidad, etc. Mª Josefa García Payer.
260 ## - PUBLICACIÓN, DISTRIBUCIÓN, ETC.
Lugar de publicación, distribución, etc. Albacete :
Nombre del editor, distribuidor, etc. Instituto de Estudios Albacetenses,
Fecha de publicación, distribución, etc. 1998.
300 ## - DESCRIPCIÓN FÍSICA
Extensión 283 p :
Otras características físicas mapas ;
Dimensiones 22 cm.
490 1# - MENCIÓN DE SERIE
Mención de serie Serie I--Estudios ;
Designación de volumen o secuencia n. 88
650 14 - PUNTO DE ACCESO ADICIONAL DE MATERIA--TÉRMINO DE MATERIA
Término de materia o nombre geográfico como elemento de entrada Lengua española-
Subdivisión geográfica Casas-Ibáñez.
9 (RLIN) 14130
710 2# - ENTRADA AGREGADA--NOMBRE DE ENTIDAD CORPORATIVA
Nombre de entidad corporativa o nombre de jurisdicción como elemento de entrada Instituto de Estudios Albacetenses.
9 (RLIN) 4884
830 0# - PUNTO DE ACCESO ADICIONAL DE SERIE-TÍTULO UNIFORME
Título uniforme Serie I--Estudios ;
Designación de volumen o secuencia n. 88
9 (RLIN) 179228
852 ## - LOCALIZACIÓN
Ubicación ES-MaACL
Número de control de estantería L-23034
Holdings
Estatus retirado Estado de pérdida Estado de daño No para préstamo Biblioteca de origen Biblioteca actual Ubicación en estantería Fecha de adquisición Fuente de adquisición Total de préstamos Signatura topográfica completa Código de barras Visto por última vez Precio de reemplazo Tipo de ítem Koha
        Biblioteca del Ateneo de Madrid Biblioteca del Ateneo de Madrid Depósito 2 17/01/2008     L-23034 1015999 23/02/2023 23/02/2023 Libro impreso